000 00502 a2200169 4500
003 OSt
005 20240823120443.0
008 231019b |||||||| |||| 00| 0 eng d
020 _a9788193721056
040 _coclc
082 _a892.7
_bHUS/V
100 _aHussain, Zakir P
_97897
245 _aVELLATTI MAS\'ALA-BHASHAYUM VYAKHYANAVUMVOL /
_cDr. P Zakir Hussain
260 _bBook plus,
_c2018.
_aMalappuram:
300 _a86 p
942 _2ddc
_cBK
_h892.7
_iHUS/V
_k892.7
_mHUS/V
999 _c42650
_d42650